000 00288nam a22000977a 4500
008 171113b xxu||||| |||| 00| 0 eng d
100 _aStanley Gibbons
245 _aStanley Gibbons' colour guide for stamp collectors
260 _aLondon
_bStanley Gibbons
_c19??
650 _aColor Guides | Color
999 _c2548
_d2548